000
00203nam a22001097a 4500
999
_c
65213
_d
65210
082
_a
297.925SAI
100
_a
Said
245
_a
Personalities Nobles
260
_a
karachi
300
_a
59p
942
_c
BK